000 00585nam a2200205Ia 4500
005 20250923145350.0
008 008 250917s9999 xx 000 0 eng d
037 _aTextual
040 _aDSWL
_beng
_cDSWL
041 _aeng
_2eng
084 _aYX:ZF, N77
_qDSWL
245 0 _aCommunity work : Learning and supervision
_cEd. by C.Briscoe
260 _aLondon
_bGeorge Allen and Unwin Ltd.
_c1977
300 _a190 p.
365 _aINR
_b3 . 95
700 _a D.N. Thomas
_9834542
925 _g3 . 95
942 _cTEXL
_hYX:ZF, N77
999 _c1450504
_d1450504